000
00331nam a2200145Ia 4500
008
230605s2000 xx 000 0 und d
041
_a
eng
245
_a
Dissertation / Thesis/ Research Report Guidelines
260
_b
Zerox Copy
_c
2000
300
_a
20
365
_b
36.96
500
_a
72
520
_a
Misc
650
_a
B
999
_c
418225
_d
418225